Statistics for German Words

Click here to take the quiz!

General Stats

  • This quiz has been taken 56 times
  • The average score is 10 of 15

Answer Stats

HintAnswer% Correct
hallohello
98%
jayes
94%
neinno
92%
schwarzblack
76%
Buchbook
72%
jungeboy
70%
schweinpig
70%
kartoffelpotato
68%
mädchengirl
64%
gesundheitbless you
54%
hühnchenChick
44%
Nachmittagafternoon
42%
HühnChicken
38%
keksecookie
36%
überraschungsurprise
34%

Score Distribution

Percentile by Number Answered

Percent of People with Each Score

Your Score History

You have not taken this quiz